000 00536nam a22001937a 4500
003 OSt
005 20151202160249.0
008 151202b xxu||||| |||| 00| 0 eng d
020 _a0952993953
040 _cDDC.
082 _a372.372WIL 2003.
100 _aWilliams, ES;
_96448
245 _aLessons in Depravity;
_bSex Education and the Sex Revolution.
260 _aWimbledon.
_bBelmont House Publishing.
_c2003
300 _aviii,328p;
_bill;
_c24cm
504 _aincludes index.
650 _aDepravity.
_96449
942 _2ddc
_cSLOAN
999 _c2783
_d2783